00301 a2200109 4500001001000000005001700010008004100027245003900068100002100107773004600128999001700174ART_2046120260410161927.0260409a 10aEconomic Growth and Economic Order1 aSchneider, Erich0 tEconomicsg- Vol. 3 (ene. 1971)wREV20320 c28285d28285